<?xml version="1.0" encoding="UTF-8"?>
<record
    xmlns:xsi="http://www.w3.org/2001/XMLSchema-instance"
    xsi:schemaLocation="http://www.loc.gov/MARC21/slim http://www.loc.gov/standards/marcxml/schema/MARC21slim.xsd"
    xmlns="http://www.loc.gov/MARC21/slim">

  <leader>01025nam a2200253 i 4500</leader>
  <controlfield tag="001">189943</controlfield>
  <controlfield tag="003">ES-MaACL</controlfield>
  <controlfield tag="005">20240131174414.0</controlfield>
  <controlfield tag="008">200203s1999    sp a         |||| | spa d</controlfield>
  <datafield tag="245" ind1="0" ind2="0">
    <subfield code="a">Plural </subfield>
    <subfield code="b">: Amalia Avia, Barjola, Bores, Beulas, Chillida ... [et al.] : [exposici&#xF3;n] del 9 de diciembre de 1999 al 8 de enero de 2000.</subfield>
  </datafield>
  <datafield tag="260" ind1=" " ind2=" ">
    <subfield code="a">Madrid : </subfield>
    <subfield code="b">Juan Gris, Galer&#xED;a de Arte, </subfield>
    <subfield code="c">[1999]</subfield>
  </datafield>
  <datafield tag="300" ind1=" " ind2=" ">
    <subfield code="a">[24] p. : </subfield>
    <subfield code="b">prinicpalmente il. col. ; </subfield>
    <subfield code="c">20 x 20 cm.</subfield>
  </datafield>
  <datafield tag="600" ind1="1" ind2="4">
    <subfield code="a">Avia, Amalia-</subfield>
    <subfield code="v">Exposiciones.</subfield>
    <subfield code="9">169491</subfield>
  </datafield>
  <datafield tag="600" ind1="1" ind2="4">
    <subfield code="a">Barjola, Juan-</subfield>
    <subfield code="v">Exposiciones.</subfield>
    <subfield code="9">25669</subfield>
  </datafield>
  <datafield tag="600" ind1="1" ind2="4">
    <subfield code="a">Bores, Francisco (</subfield>
    <subfield code="d">1898-1972)-</subfield>
    <subfield code="v">Exposiciones.</subfield>
    <subfield code="9">30441</subfield>
  </datafield>
  <datafield tag="600" ind1="1" ind2="4">
    <subfield code="a">Beulas, Jos&#xE9; (</subfield>
    <subfield code="d">1921)-</subfield>
    <subfield code="v">Exposiciones.</subfield>
    <subfield code="9">169492</subfield>
  </datafield>
  <datafield tag="600" ind1="1" ind2="4">
    <subfield code="a">Chillida, Eduardo,</subfield>
    <subfield code="d">1924-2002-</subfield>
    <subfield code="v">Exposiciones</subfield>
    <subfield code="9">38519</subfield>
  </datafield>
  <datafield tag="650" ind1=" " ind2="4">
    <subfield code="a">Pintura espa&#xF1;ola-</subfield>
    <subfield code="y">S.XX-</subfield>
    <subfield code="v">Exposiciones.</subfield>
    <subfield code="9">16043</subfield>
  </datafield>
  <datafield tag="655" ind1=" " ind2="7">
    <subfield code="2">tgfbne</subfield>
    <subfield code="9">193628</subfield>
    <subfield code="a">Cat&#xE1;logos de exposiciones</subfield>
  </datafield>
  <datafield tag="710" ind1="2" ind2=" ">
    <subfield code="a">Galer&#xED;a Juan Gris.</subfield>
    <subfield code="9">171351</subfield>
  </datafield>
  <datafield tag="852" ind1=" " ind2=" ">
    <subfield code="a">ES-MaACL</subfield>
    <subfield code="j">2129-F-41</subfield>
  </datafield>
  <datafield tag="942" ind1=" " ind2=" ">
    <subfield code="2">udc</subfield>
  </datafield>
  <datafield tag="999" ind1=" " ind2=" ">
    <subfield code="c">189943</subfield>
    <subfield code="d">189943</subfield>
  </datafield>
  <datafield tag="952" ind1=" " ind2=" ">
    <subfield code="0">0</subfield>
    <subfield code="1">0</subfield>
    <subfield code="4">0</subfield>
    <subfield code="7">0</subfield>
    <subfield code="8">Colecci&#xF3;n_de_folletos</subfield>
    <subfield code="a">ATENEOM</subfield>
    <subfield code="b">ATENEOM</subfield>
    <subfield code="c">DEPOF</subfield>
    <subfield code="d">2005-04-23</subfield>
    <subfield code="e">DON</subfield>
    <subfield code="l">0</subfield>
    <subfield code="o">2129-F-41</subfield>
    <subfield code="p">1201515</subfield>
    <subfield code="r">2023-02-23 00:00:00</subfield>
    <subfield code="w">2023-02-23</subfield>
    <subfield code="y">FOLLETOS</subfield>
  </datafield>
</record>
